Top 10 des meilleur joueurs de tennis de table français en 2025 - Statistiques

Statistiques générales
  • Ce quiz a été pris 59 fois
  • Le résultat moyen est 7 sur 10
Statistiques - réponses
Hint Réponse % Correct
2 Alexis Lebrun
100%
1 Félix Lebrun
100%
3 Simon Gauzy
92%
4 Flavien Coton
80%
5 Thibault Poret
66%
9 Jules Rolland
58%
10 Florian Bourrassaud
52%
6 Lilian Bardet
52%
7 Joe Seyfried
44%
8 Léo De Nodrest
26%
Aucun quiz correspondant
Distribution des résultats
% des personnes avec chaque résultat
Percentile par nombre de réponses
Votre historique - résultats
Vous n’avez pas pris ce quiz